|
|
|
|
| LEADER |
00000nam0a2200000 4500 |
| 001 |
601177 |
| 005 |
20250609160848.0 |
| 035 |
|
|
|a (RuTPU)RU\TPU\tpu\25885
|
| 035 |
|
|
|a RU\TPU\tpu\20339
|
| 090 |
|
|
|a 601177
|
| 100 |
|
|
|a 20141016d1994 k y0rusy50 ca
|
| 101 |
0 |
|
|a rus
|
| 102 |
|
|
|a RU
|
| 200 |
1 |
|
|a Методика оценки показателей реологических свойств буровых растворов (СТП 5753526-056-94)
|f П. С. Чубик, В. Н. Трикоз
|
| 210 |
|
|
|a Томск
|c ТомскНИПИнефть
|d 1994
|
| 215 |
|
|
|a 15 с.
|
| 333 |
|
|
|a В фонде НТБ ТПУ отсутствует
|
| 610 |
1 |
|
|a труды учёных ТПУ
|
| 700 |
|
1 |
|a Чубик
|b П. С.
|c российский геолог
|c профессор, ректор Томского политехнического университета ( с 2008 г.)
|f 1954-
|g Петр Савельевич
|3 (RuTPU)RU\TPU\pers\24546
|
| 701 |
|
1 |
|a Трикоз
|b В. Н.
|
| 801 |
|
1 |
|a RU
|b 63413507
|c 20111123
|
| 801 |
|
2 |
|a RU
|b 63413507
|c 20141016
|g RCR
|
| 850 |
|
|
|a 63413507
|
| 942 |
|
|
|c BK
|